Statistics for Former flags of North America

Click here to take the quiz!

General Stats

  • This quiz has been taken 16 times
  • The average score is 4 of 5

Answer Stats

Answer% Correct
Mexico
94%
Texas
88%
United States
88%
Canada
69%
Newfoundland
31%

Score Distribution

Percentile by Number Answered

Percent of People with Each Score

Your Score History

You have not taken this quiz